Foundations of financial management / (Record no. 171240)

MARC details
000 -LEADER
fixed length control field 00896nam a22002537a 4500
003 - CONTROL NUMBER IDENTIFIER
control field OSt
005 - DATE AND TIME OF LATEST TRANSACTION
control field 20250211110250.0
008 - FIXED-LENGTH DATA ELEMENTS--GENERAL INFORMATION
fixed length control field 250211b |||||||| |||| 00| 0 eng d
020 ## - INTERNATIONAL STANDARD BOOK NUMBER
International Standard Book Number 9781265074654 (paperback)
040 ## - CATALOGING SOURCE
Original cataloging agency NUST
Language of cataloging eng
Transcribing agency NUST
Modifying agency NUST
Description conventions rda
050 ## - LIBRARY OF CONGRESS CALL NUMBER
Classification number HG4026 BLO
100 ## - MAIN ENTRY--PERSONAL NAME
Personal name Block, Stanley B
Relator term Author
245 ## - TITLE STATEMENT
Title Foundations of financial management /
Statement of responsibility, etc. Stanley B. Block, Geoffrey A. Hirt, Bartley R. Danielsen.
250 ## - EDITION STATEMENT
Edition statement Eighteenth edition.
300 ## - PHYSICAL DESCRIPTION
Extent xxxii, 684+(various pagings) :
Other physical details illustrations ;
Dimensions 28 cm.
336 ## - CONTENT TYPE
Source rdamedia
Content type term text
Content type code txt
337 ## - MEDIA TYPE
Source rdamedia
Media type term unmediated
Media type code n
338 ## - CARRIER TYPE
Source rdamedia
Carrier type term volume
Carrier type code nc
504 ## - BIBLIOGRAPHY, ETC. NOTE
Bibliography, etc. note Includes subject index.
650 ## - SUBJECT ADDED ENTRY--TOPICAL TERM
Form subdivision Corporations -- Finance.
700 ## - ADDED ENTRY--PERSONAL NAME
Personal name Hirt, Geoffrey A
Relator term Author
700 ## - ADDED ENTRY--PERSONAL NAME
Personal name Danielsen, Bartley R
Relator term Author
942 ## - ADDED ENTRY ELEMENTS (KOHA)
Source of classification or shelving scheme Library of Congress Classification
Koha item type Ordinary Loan Books
Edition Eighteenth edition.
Classification part HG4026 BLO
Call number prefix HG
Call number suffix BLO
Suppress in OPAC No
Holdings
Withdrawn status Lost status Source of classification or shelving scheme Damaged status Not for loan Collection Home library Current library Shelving location Date acquired Source of acquisition Cost, normal purchase price Total Checkouts Full call number Barcode Date last seen Accession number Cost, replacement price Price effective from Koha item type Public note
    LCC     NFIC MAIN MAIN GEN 02/11/2025 Purchase 58.38   HG4026 BLO 92004056839 02/11/2025 24/58 58.38 02/11/2025 BOOKS Purchase